000 00789nac a22002651i 4500
003 EG-ScBUE
005 20250128105955.0
008 250128s2003 ii a f d 000 0 eng d
020 _a8174873112
020 _a9788174873118
040 _aEG-ScBUE
_beng
_erda
_cEG-ScBUE
_dEG-ScBUE
082 0 4 _a530.03
_bPRA
_222
100 1 _aPrakash, P.,
_eauthor.
245 1 0 _aDictionary of physics /
_cP. Prakash.
250 _aFirst edition.
264 1 _aNew Delhi :
_bRadha Publications,
_c2003.
300 _a320 pages :
_billustrations ;
_c23 cm.
336 _2rdacontent
_atext
_btxt
337 _aunmediated
_2rdamedia
_bn
338 _avolume
_bnc
_2rdacarrier
490 0 _aRadha's
650 7 _aPhysics
_vDictionaries.
_2BUEsh
655 _vReading book
942 _cNB
_2ddc
999 _c1605
_d1605